Normal view MARC view
  • Rao, V.Pala Prasada,Rani, K.Nirupa

Entry Personal Name

Number of records used in: 1

001 - CONTROL NUMBER

  • control field: 79959

003 - CONTROL NUMBER IDENTIFIER

  • control field: NUST

005 - DATE AND TIME OF LATEST TRANSACTION

  • control field: 20210628210548.0

008 - FIXED-LENGTH DATA ELEMENTS

  • fixed length control field: 210628|| aca||aabn | a|a d

040 ## - CATALOGING SOURCE

  • Original cataloging agency: NUST
  • Transcribing agency: NUST

100 ## - HEADING--PERSONAL NAME

  • Personal name: Rao, V.Pala Prasada,Rani, K.Nirupa

670 ## - SOURCE DATA FOUND

  • Source citation: Work cat.: (NUST): Rao, V.Pala Prasada,Rani, K.Nirupa, India pakistan:partition perspectives in indo english novels, 2004
© 2023 Central Library, National University of Sciences and Technology. All Rights Reserved.